| 000 | 00638nam a2200121Ia 4500 | ||
|---|---|---|---|
| 008 | 220621s9999||||xx |||||||||||||| ||und|| | ||
| 100 | _aBassi, Ernesto | ||
| 245 | 3 |
_aAn Aqueous Territory _bSailor Geographies and New Granada’s Transimperial Greater Caribbean World |
|
| 546 | _aEnglish[eng] | ||
| 650 | _aHistory||Colombia||Haiti||Jamaica||Riohacha||Santa Marta||Spain||United States||Wayuu people | ||
| 856 | _uhttps://library.oapen.org/bitstream/20.500.12657/31764/1/625270.pdf||https://library.oapen.org/bitstream/20.500.12657/31764/1/625270.pdf||https://library.oapen.org/bitstream/20.500.12657/31764/1/625270.pdf | ||
| 942 | _cEB | ||
| 999 |
_c35468 _d35468 |
||